| 000 | 00590nam a22001937a 4500 | ||
|---|---|---|---|
| 003 | koha_MIRAKIL | ||
| 005 | 20260415112410.0 | ||
| 008 | 260415b tur||||| |||| 00| 0 tur d | ||
| 020 | _a9786054927456 | ||
| 040 |
_aTR-IsEVY _btur _cTR-IsEVY |
||
| 082 | _aFIC PAR/M | ||
| 100 | _aParigger, Harald | ||
| 245 | 0 |
_aMarco Polo : _bgizemli kitap, bilmeceli polisiye / _cHarald Parigger . |
|
| 250 | _a5. bs. | ||
| 260 |
_aİstanbul : _bKırmızı Kedi Yayınevi , _c2017. |
||
| 300 |
_a107 s. : _brenkli resimli ; _c20 cm. |
||
| 650 |
_aÇocuk Edebiyatı. _vÇocuk Romanı. |
||
| 942 |
_2ddc _cBK |
||
| 999 |
_c23493 _d23493 |
||